| 000 | 00451nam a2200181Ia 4500 | ||
|---|---|---|---|
| 005 | 20240823060654.0 | ||
| 008 | 240823s9999||||xx |||||||||||||| ||und|| | ||
| 041 | _aENGLISH | ||
| 082 | _A611 P3 | ||
| 100 | _aRomanes G J | ||
| 245 | 0 | _aCunninghams Mnaual of Practical Anatomy | |
| 250 | _a15th | ||
| 260 |
_c2003 _b"Oxford University Press,Delhi" |
||
| 500 | _aYES | ||
| 650 |
_aAnatomy _bAllied Health Science |
||
| 942 | _cBK | ||
| 999 |
_c231695 _d231695 |
||